| 000 | 00360nam a2200133Ia 4500 | ||
|---|---|---|---|
| 008 | 220204s9999 xx 000 0 und d | ||
| 082 |
_a577.2+575 _bKUM;1 |
||
| 100 | _aKumar, H D | ||
| 245 | 0 | _aRecent advances in molecular biology and cytogenetics | |
| 260 |
_aLudhiana _bKalyani _c1976 |
||
| 650 | _aCytogenetics | ||
| 650 | _aMolecular biology | ||
| 942 | _cBK | ||
| 999 |
_c24741 _d24741 |
||